000 00817cam a2200277 a 4500
003 UPN
005 20230608064042.0
008 191105s1984 sp gr 000 0dspa d
020 _a8472915816
035 _aUPN01000233864
040 _aMX-MxUPN
_bspa
_cMX-MxUPN
050 4 _aB1848
_bD438 1984f
100 1 _aDescartes, René,
_d1596-1650
_930199
245 1 0 _aDiscurso del método
260 _aMadrid :
_bSarpe,
_c1984.
300 _a171 páginas
490 0 _aLos grandes pensadores ;
_v21
500 _aTítulo original: Discours de la méthode.
650 4 _aCiencia
_xMetodología
_95804
650 4 _aRazonamiento
_93600
650 7 _911991
_aFilosofía francesa
700 1 _945050
_aGarcía Borrón, Juan Carlos
_etraductor
905 _aLibro
942 _n0
_2lcc
_cLIBRO
999 _c205959
_d205959